100 Biggest Cities in Developed World - Statistics

General Stats
  • This quiz has been taken 51 times
    17 since last reset
  • The average score is 77 of 99
Answer Stats
Rank Population Answer % Correct
6 15.4 m London
100%
5 17.4 m Los Angeles
100%
3 22.6 m New York City
100%
7 11.6 m Paris
100%
1 41.3 m Tokyo
100%
27 6.25 m Atlanta
93%
37 4.10 m Birmingham
93%
11 9.80 m Chicago
93%
84 2.05 m Lyon
93%
26 6.35 m Manchester
93%
95 1.73 m Marseille
93%
23 6.70 m Miami
93%
25 6.55 m Milan
93%
4 17.7 m Osaka
93%
46 3.45 m Rome
93%
49 3.25 m San Diego
93%
2 25.4 m Seoul
93%
12 8.80 m Washington
93%
64 2.60 m Amsterdam
86%
43 3.58 m Athens
86%
74 2.33 m Austin
86%
33 4.95 m Barcelona
86%
17 7.85 m Boston
86%
44 3.58 m Brisbane
86%
58 2.83 m Brussels
86%
15 8.10 m Dallas
86%
42 3.95 m Denver
86%
24 6.65 m Dubai
86%
50 3.23 m Frankfurt
86%
54 2.90 m Hamburg
86%
91 1.87 m Hiroshima
86%
20 7.55 m Houston
86%
66 2.48 m Las Vegas
86%
22 7.00 m Madrid
86%
29 5.45 m Melbourne
86%
35 4.68 m Montreal
86%
38 4.08 m Naples
86%
19 7.65 m Philadelphia
86%
32 5.05 m Phoenix
86%
16 7.90 m Riyadh
86%
45 3.50 m Rotterdam
86%
18 7.70 m San Francisco
86%
36 4.63 m Seattle
86%
73 2.35 m Stockholm
86%
30 5.30 m Sydney
86%
10 10.2 m Taipei
86%
52 3.05 m Tel-Aviv
86%
13 8.30 m Toronto
86%
47 3.33 m Vancouver
86%
71 2.40 m Vienna
86%
69 2.48 m Warsaw
86%
87 1.96 m Abu Dhabi
79%
34 4.70 m Berlin
79%
41 3.95 m Busan
79%
94 1.74 m Calgary
79%
90 1.88 m Columbus
79%
92 1.83 m Copenhagen
79%
28 5.85 m Detroit
79%
99 1.64 m Edmonton
79%
55 2.88 m Fukuoka
79%
93 1.76 m Glasgow
79%
59 2.78 m Mecca
79%
48 3.28 m Minneapolis
79%
75 2.28 m Munich
79%
9 10.5 m Nagoya
79%
39 4.03 m Orlando
79%
67 2.48 m Perth
79%
70 2.45 m San Antonio
79%
65 2.50 m Sapporo
79%
14 8.15 m Singapore
79%
21 7.50 m Hong Kong
71%
82 2.15 m Indianapolis
71%
40 4.00 m Jeddah
71%
77 2.25 m Leeds
71%
68 2.48 m Portland
71%
81 2.18 m Sacramento
71%
72 2.35 m St. Louis
71%
86 1.99 m Valencia
71%
56 2.85 m Cincinnati
64%
63 2.73 m Daegu
64%
78 2.20 m Jacksonville
64%
83 2.13 m Kansas City
64%
97 1.70 m Nashville
64%
85 2.05 m Pittsburgh
64%
61 2.75 m Salt Lake City
64%
76 2.28 m Stuttgart
64%
31 5.15 m Tampa
64%
62 2.73 m Charlotte
57%
51 3.05 m Cleveland
57%
89 1.91 m Raleigh
57%
60 2.75 m Kaohsiung
50%
79 2.18 m Katowice
50%
53 3.00 m Dammam
43%
100 1.63 m Gwangju
43%
57 2.85 m Taichung
43%
88 1.95 m Kitakyushu
36%
80 2.18 m Okayama
36%
98 1.66 m Virginia Beach
29%
96 1.71 m Hartford
21%
No matching quizzes found
Score Distribution
Percent of People with Each Score
Percentile by Number Answered
Your Score History
You have not taken this quiz since the last reset